| 000 | 00762 a2200205 4500 | ||
|---|---|---|---|
| 020 | _a0387237569 | ||
| 040 |
_aDLC _bDLC |
||
| 082 | 0 | 0 | _a621.382/16 |
| 100 | 1 | _aJue, Jason P. | |
| 245 | 1 | 0 |
_aOptical burst switched networks _cJason P. Jue, Vinod M. Vokkarane |
| 260 |
_aNew York : _bSpringer, _cc2005. |
||
| 300 |
_axviii, 147 p. : _bill. ; _c25 cm. |
||
| 440 | 0 | _aOptical networks series | |
| 650 | 0 | _aPacket switching (Data transmission) | |
| 650 | 0 | _aOptical communications. | |
| 700 | 1 |
_aVokkarane, Vinod M., _d1978- |
|
| 856 | 4 | 2 |
_3Publisher description _uhttp://www.loc.gov/catdir/enhancements/fy0663/2004062640-d.html |
| 856 | 4 | 2 |
_3Table of contents only _uhttp://www.loc.gov/catdir/enhancements/fy0819/2004062640-t.html |
| 942 |
_cBK _k621.38216 JUE _2ddc |
||
| 999 |
_c8277 _d8277 |
||